<?xml version="1.0" encoding="UTF-8"?>
<record
    xmlns:xsi="http://www.w3.org/2001/XMLSchema-instance"
    xsi:schemaLocation="http://www.loc.gov/MARC21/slim http://www.loc.gov/standards/marcxml/schema/MARC21slim.xsd"
    xmlns="http://www.loc.gov/MARC21/slim">

  <leader>01519nam a22003377a 4500</leader>
  <controlfield tag="003">NALT</controlfield>
  <controlfield tag="005">20250908141530.0</controlfield>
  <controlfield tag="008">230912b        th ||||| |||| 00| 0 tha d</controlfield>
  <datafield tag="020" ind1=" " ind2=" ">
    <subfield code="a">9786167982373</subfield>
  </datafield>
  <datafield tag="040" ind1=" " ind2=" ">
    <subfield code="a">NALT</subfield>
  </datafield>
  <datafield tag="041" ind1="1" ind2=" ">
    <subfield code="a">tha</subfield>
    <subfield code="h">eng</subfield>
  </datafield>
  <datafield tag="050" ind1=" " ind2=" ">
    <subfield code="a">BF 201</subfield>
    <subfield code="b">&#xE17;178&#xE27; 2562</subfield>
  </datafield>
  <datafield tag="100" ind1="1" ind2=" ">
    <subfield code="9">61594</subfield>
    <subfield code="a">&#xE17;&#xE27;&#xE34;&#xE01;&#xE40;&#xE01;&#xE2D;&#xE23;&#xE4C;, &#xE42;&#xE23;&#xE40;&#xE1A;&#xE34;&#xE23;&#xE4C;&#xE15;</subfield>
  </datafield>
  <datafield tag="245" ind1="1" ind2="0">
    <subfield code="a">&#xE27;&#xE34;&#xE0A;&#xE32;&#xE08;&#xE34;&#xE4B;&#xE27; =</subfield>
    <subfield code="b">Micromastery /</subfield>
    <subfield code="c">Robert Twigger ; &#xE01;&#xE31;&#xE0D;&#xE0D;&#xE4C;&#xE0A;&#xE25;&#xE32; &#xE19;&#xE32;&#xE27;&#xE32;&#xE19;&#xE38;&#xE40;&#xE04;&#xE23;&#xE32;&#xE30;&#xE2B;&#xE4C;, &#xE41;&#xE1B;&#xE25;</subfield>
  </datafield>
  <datafield tag="246" ind1="1" ind2="4">
    <subfield code="a">&#xE27;&#xE34;&#xE0A;&#xE32;&#xE08;&#xE34;&#xE4B;&#xE27; : </subfield>
    <subfield code="b">&#xE23;&#xE39;&#xE49;&#xE2B;&#xE19;&#xE36;&#xE48;&#xE07;&#xE40;&#xE02;&#xE49;&#xE32;&#xE16;&#xE36;&#xE07;&#xE2B;&#xE21;&#xE37;&#xE48;&#xE19; &#xE23;&#xE39;&#xE49;&#xE2B;&#xE21;&#xE37;&#xE48;&#xE19;&#xE40;&#xE02;&#xE49;&#xE32;&#xE16;&#xE36;&#xE07;&#xE2A;&#xE38;&#xE02;.</subfield>
  </datafield>
  <datafield tag="246" ind1="3" ind2="1">
    <subfield code="a">Micromastery : </subfield>
    <subfield code="b">learn small, learn fast, and find the hidden path to happiness.</subfield>
  </datafield>
  <datafield tag="260" ind1=" " ind2=" ">
    <subfield code="a">&#xE01;&#xE23;&#xE38;&#xE07;&#xE40;&#xE17;&#xE1E;&#xE2F; :</subfield>
    <subfield code="b">Openbooks,</subfield>
    <subfield code="c">2562.</subfield>
  </datafield>
  <datafield tag="300" ind1=" " ind2=" ">
    <subfield code="a">363 &#xE2B;&#xE19;&#xE49;&#xE32; ;</subfield>
    <subfield code="c">21 &#xE0B;&#xE21;.</subfield>
  </datafield>
  <datafield tag="650" ind1=" " ind2="4">
    <subfield code="9">61591</subfield>
    <subfield code="a">&#xE08;&#xE34;&#xE15;&#xE27;&#xE34;&#xE17;&#xE22;&#xE32;&#xE01;&#xE32;&#xE23;&#xE23;&#xE39;&#xE49;&#xE04;&#xE34;&#xE14;</subfield>
  </datafield>
  <datafield tag="650" ind1=" " ind2="4">
    <subfield code="9">49091</subfield>
    <subfield code="a">&#xE04;&#xE27;&#xE32;&#xE21;&#xE2A;&#xE32;&#xE21;&#xE32;&#xE23;&#xE16;</subfield>
  </datafield>
  <datafield tag="650" ind1=" " ind2="4">
    <subfield code="9">61593</subfield>
    <subfield code="a">&#xE04;&#xE27;&#xE32;&#xE21;&#xE0A;&#xE33;&#xE19;&#xE32;&#xE0D;</subfield>
  </datafield>
  <datafield tag="650" ind1=" " ind2="4">
    <subfield code="9">24238</subfield>
    <subfield code="a">&#xE17;&#xE31;&#xE01;&#xE29;&#xE30;&#xE0A;&#xE35;&#xE27;&#xE34;&#xE15;</subfield>
  </datafield>
  <datafield tag="700" ind1="1" ind2=" ">
    <subfield code="9">61576</subfield>
    <subfield code="a">Twigger, Robert</subfield>
  </datafield>
  <datafield tag="700" ind1="0" ind2=" ">
    <subfield code="9">25468</subfield>
    <subfield code="a">&#xE01;&#xE31;&#xE0D;&#xE0D;&#xE4C;&#xE0A;&#xE25;&#xE32; &#xE19;&#xE32;&#xE27;&#xE32;&#xE19;&#xE38;&#xE40;&#xE04;&#xE23;&#xE32;&#xE30;&#xE2B;&#xE4C;</subfield>
  </datafield>
  <datafield tag="850" ind1=" " ind2=" ">
    <subfield code="a">NALT</subfield>
  </datafield>
  <datafield tag="942" ind1=" " ind2=" ">
    <subfield code="c">GB</subfield>
    <subfield code="2">lcc</subfield>
  </datafield>
  <datafield tag="996" ind1=" " ind2=" ">
    <subfield code="a">chunbijaya.r</subfield>
    <subfield code="b">CATSTF	</subfield>
    <subfield code="c">2023-09-12</subfield>
  </datafield>
  <datafield tag="996" ind1=" " ind2=" ">
    <subfield code="a">saiphon.d</subfield>
    <subfield code="b">CATSTF	</subfield>
    <subfield code="c">2023-09-13</subfield>
  </datafield>
  <datafield tag="999" ind1=" " ind2=" ">
    <subfield code="c">103118</subfield>
    <subfield code="d">103118</subfield>
  </datafield>
  <datafield tag="998" ind1=" " ind2=" ">
    <subfield code="j">8</subfield>
    <subfield code="k"> &#xE19;&#xE32;&#xE22;&#xE1A;&#xE31;&#xE13;&#xE11;&#xE34;&#xE15;  &#xE2D;&#xE38;&#xE17;&#xE32;&#xE27;&#xE07;&#xE04;&#xE4C;</subfield>
  </datafield>
  <datafield tag="952" ind1=" " ind2=" ">
    <subfield code="0">0</subfield>
    <subfield code="1">0</subfield>
    <subfield code="2">lcc</subfield>
    <subfield code="4">0</subfield>
    <subfield code="7">0</subfield>
    <subfield code="8">CGBL</subfield>
    <subfield code="a">NALT</subfield>
    <subfield code="b">NALT</subfield>
    <subfield code="c">GEN</subfield>
    <subfield code="d">2023-09-12</subfield>
    <subfield code="l">6</subfield>
    <subfield code="m">5</subfield>
    <subfield code="o">BF 201 &#xE17;178&#xE27; 2562</subfield>
    <subfield code="p">3961223500</subfield>
    <subfield code="r">2025-09-22 00:00:00</subfield>
    <subfield code="s">2025-09-08</subfield>
    <subfield code="w">2023-09-12</subfield>
    <subfield code="y">GB</subfield>
  </datafield>
</record>
